| 000 | 00354nam a2200145Ia 4500 | ||
|---|---|---|---|
| 008 | 230917s9999||||xx |||||||||||||| ||und|| | ||
| 040 |
_e127963 _aMAIN |
||
| 041 | _aEnglish | ||
| 082 | _a510.2462 J199A | ||
| 100 | _aJain, R.K. | ||
| 245 | 0 | _aAdvanced Engineering Mathmatics | |
| 260 |
_aNew Delhi _bNarosa _c2006 |
||
| 300 | _a1136p. p. | ||
| 942 | _cBK | ||
| 999 |
_c141134 _d141134 |
||